| 000 | 00758nam a22002537a 4500 | ||
|---|---|---|---|
| 001 | 3919 | ||
| 003 | FISKH | ||
| 005 | 20240524153500.0 | ||
| 008 | 240523b cb ||||| |||| 00| 0 eng d | ||
| 040 |
_aFISK _beng _cFISK _dFISK |
||
| 050 | _aPZ10.S38 | ||
| 082 | _a823.8 | ||
| 100 |
_aSewell Anna _d1820-1878 |
||
| 245 |
_aBlack beauty / _bThe autobiography of a horse _cAnna Sewell |
||
| 260 |
_aNew York : _bScholastic , _c2001 |
||
| 300 |
_a245 pages : _billustrations ; _c18 cm |
||
| 505 | _aZ | ||
| 520 | _aA horse in nineteenth-century England recounts his experiences with both good and bad masters. | ||
| 521 | 8 |
_a1110
_bLexile |
|
| 521 | 8 |
_aZ
_bRaz-Plus |
|
| 700 | _aAnna Sewell | ||
| 942 |
_2ddc _cBK _n0 |
||
| 999 |
_c3919 _d3919 |
||